[Event "Milanowek-ch"]
[Site "Milanowek"]
[Date "2000.??.??"]
[Round "2"]
[White "Materski, Chrystian"]
[Black "Ponceleusz, Bronislaw"]
[Result "0-1"]
[WhiteElo "2042"]
[BlackElo "2199"]
[PlyCount "94"]
[EventDate "2000.07.??"]
[EventType "swiss"]
[EventRounds "9"]
[EventCountry "POL"]
[SourceTitle "EXT 2005"]
[Source "ChessBase"]
[SourceDate "2004.11.15"]
[SourceVersion "1"]
[SourceVersionDate "2004.11.15"]
[SourceQuality "1"]

1. e4 c5 2. c3 d5 3. exd5 Qxd5 4. d4 g6 5. Nf3 Bg7 6. Be2 cxd4 7. cxd4 Nh6 8. Nc3 Qd8 9. 0-0 0-0 10. Bf4 Nf5 11. d5 Na6 12. Qd2 Nc5 13. Rfd1 Nd6 14. Rac1 Bf5 15. b4 Nd7 16. Nd4 Ne5 17. Nxf5 Nxf5 18. Ne4 Nd6 19. Nc5 b5 20. Qe3 Ndc4 21. Bxc4 Nxc4 22. Qh3 a5 23. Nb7 Qb6 24. Nxa5 Bd4 25. Qf3 e5 26. dxe6 fxe6 27. Nxc4 bxc4 28. Qg3 Bxf2+ 29. Qxf2 Qxf2+ 30. Kxf2 Rxf4+ 31. Ke3 e5 32. Rc3 Rxa2 33. Rd8+ Kf7 34. g3 Rff2 35. Rxc4 Rxh2 36. Rdc8 Ke6 37. Kf3 Ra3+ 38. Rc3 Rxc3+ 39. Rxc3 Rb2 40. Rc4 h5 41. Rc6+ Kf5 42. Rb6 Rb3+ 43. Kf2 g5 44. Rb8 e4 45. b5 Kg4 46. Re8 Rb2+ 47. Ke3 Rxb5 0-1

[Event "POL-chT 2nd div North"]
[Site "Lublin"]
[Date "1999.??.??"]
[Round "6"]
[White "Materski, Chrystian"]
[Black "Bieluszewski, Piotr"]
[Result "0-1"]
[WhiteElo "2075"]
[BlackElo "2195"]
[PlyCount "60"]
[EventDate "1999.09.11"]
[EventType "team-swiss"]
[EventRounds "8"]
[EventCountry "POL"]
[SourceTitle "EXT 2003"]
[Source "ChessBase"]
[SourceDate "2002.11.25"]
[SourceVersion "1"]
[SourceVersionDate "2002.11.25"]
[SourceQuality "1"]
[WhiteTeam "Milanowek UKS Jedwabnik"]
[BlackTeam "Wisla Nowe"]
[WhiteTeamCountry "POL"]
[BlackTeamCountry "POL"]

1. e4 c5 2. c3 d5 3. exd5 Qxd5 4. d4 Nf6 5. Nf3 Bg4 6. Be2 e6 7. Be3 cxd4 8. cxd4 Be7 9. Nc3 Qa5 10. h3 Bh5 11. 0-0 0-0 12. a3 a6 13. b4 Qd8 14. Ne5 Bxe2 15. Qxe2 Nd5 16. Ne4 f6 17. Nd3 b6 18. Rfc1 Qd7 19. Nf4 Nxf4 20. Bxf4 Nc6 21. Be3 f5 22. Nc3 f4 23. d5 exd5 24. Bxb6 f3 25. Qd3 d4 26. Ne4 Kh8 27. Ng3 fxg2 28. Kxg2 Bg5 29. Rc2 Rae8 30. Bc5 Qd5+ 0-1

[Event "Milanowek-ch"]
[Site "Milanowek"]
[Date "1998.??.??"]
[Round "?"]
[White "Wiech, Grzegorz"]
[Black "Materski, Chrystian"]
[Result "1-0"]
[WhiteElo "2300"]
[BlackElo "2105"]
[PlyCount "109"]
[EventDate "1998.??.??"]
[EventType "swiss"]
[EventRounds "9"]
[EventCountry "POL"]
[SourceTitle "EXT 2003"]
[Source "ChessBase"]
[SourceDate "2002.11.25"]
[SourceVersion "1"]
[SourceVersionDate "2002.11.25"]
[SourceQuality "1"]

1. e4 c5 2. Nf3 Nc6 3. d4 cxd4 4. Nxd4 Nf6 5. Nc3 e5 6. Ndb5 d6 7. Bg5 a6 8. Na3 b5 9. Nd5 Be7 10. Bxf6 Bxf6 11. c3 0-0 12. Nc2 Bg5 13. a4 Rb8 14. axb5 axb5 15. Ncb4 Nxb4 16. Nxb4 Bb7 17. Bd3 f5 18. Qe2 d5 19. exd5 Bxd5 20. 0-0 e4 21. Bxb5 Ba8 22. Rfd1 Qb6 23. Bc4+ Kh8 24. Ra6 Qc5 25. Bd5 Bb7 26. Raa1 Qb6 27. Bxb7 Qxb7 28. Ra5 Be7 29. Ra4 Ra8 30. Rxa8 Rxa8 31. Nd5 Bc5 32. b4 Bf8 33. g3 Rc8 34. c4 Qc6 35. c5 Re8 36. Qc4 g5 37. Nc3 f4 38. Re1 e3 39. fxe3 fxg3 40. Qd5 Qf6 41. Nd1 gxh2+ 42. Kh1 g4 43. Qg2 h5 44. Rf1 Qg6 45. Qd5 Bh6 46. Rf5 g3 47. Kg2 h1Q+ 48. Kxh1 g2+ 49. Kg1 Qg3 50. Qd4+ Kg8 51. Qc4+ Kh8 52. Qc3+ Kg8 53. Qb3+ Kh8 54. Qb2+ Kg8 55. Qxg2 1-0

[Event "Warsaw-ch"]
[Site "Warsaw"]
[Date "1997.??.??"]
[Round "4"]
[White "Gawronski, Miroslaw"]
[Black "Materski, Chrystian"]
[Result "1-0"]
[WhiteElo "2205"]
[BlackElo "2080"]
[PlyCount "72"]
[EventDate "1997.??.??"]
[EventType "swiss"]
[EventRounds "9"]
[EventCountry "POL"]
[SourceTitle "EXT 2000"]
[Source "ChessBase"]
[SourceDate "1999.11.16"]
[SourceVersion "1"]
[SourceVersionDate "1999.11.16"]
[SourceQuality "1"]

1. d4 d5 2. c4 e6 3. Nc3 c5 4. cxd5 exd5 5. Nf3 Nc6 6. g3 Nf6 7. Bg2 Be7 8. 0-0 0-0 9. Bg5 cxd4 10. Nxd4 h6 11. Bf4 Be6 12. Rc1 Rc8 13. Qd2 Nxd4 14. Qxd4 Bc5 15. Qd2 Qd7 16. Rfd1 Rfd8 17. Bf3 d4 18. Ne4 Nxe4 19. Bxe4 Bf5 20. Bf3 Bb6 21. Rxc8 Qxc8 22. a4 g5 23. g4 Bxg4 24. Rc1 Qf5 25. Bxg4 Qxg4+ 26. Bg3 a5 27. b4 Qf5 28. Rc4 Qd5 29. Qd3 axb4 30. Rxb4 Bc5 31. Rb5 b6 32. Bc7 Rc8 33. Bxb6 Qd6 34. a5 Bxb6 35. axb6 Rc1+ 36. Kg2 Qc6+ 1-0

[Event "Warsaw-ch"]
[Site "Warsaw"]
[Date "1997.??.??"]
[Round "1"]
[White "Materski, Chrystian"]
[Black "Ehrenfeucht, Wojciech"]
[Result "0-1"]
[WhiteElo "2080"]
[BlackElo "2290"]
[PlyCount "112"]
[EventDate "1997.??.??"]
[EventType "swiss"]
[EventRounds "9"]
[EventCountry "POL"]
[SourceTitle "EXT 2000"]
[Source "ChessBase"]
[SourceDate "1999.11.16"]
[SourceVersion "1"]
[SourceVersionDate "1999.11.16"]
[SourceQuality "1"]

1. e4 c5 2. c3 d5 3. exd5 Qxd5 4. d4 e6 5. Nf3 Nf6 6. Be2 cxd4 7. cxd4 Nc6 8. Nc3 Qd6 9. 0-0 Be7 10. h3 0-0 11. Be3 b6 12. a3 Bb7 13. Nb5 Qd8 14. Rc1 Nd5 15. Bd3 Rc8 16. Qe2 a6 17. Nc3 Nxc3 18. Rxc3 b5 19. Rd1 b4 20. axb4 Nxb4 21. Rxc8 Qxc8 22. Rc1 Qa8 23. Ne1 Nxd3 24. Qxd3 Bf6 25. Rc5 Rd8 26. Qc3 Be7 27. Rh5 Bd5 28. Bf4 Rc8 29. Qg3 Qb7 30. Nd3 Be4 31. Nc5 Qxb2 32. Nxe4 Qb1+ 33. Kh2 Qxe4 34. Ra5 Qe2 35. Be5 g6 36. Qf4 Rc2 37. Rc5 g5 38. Rxc2 Qxc2 39. Qf3 Qc8 40. Qh5 Qd8 41. h4 gxh4 42. Qg4+ Kf8 43. Qg7+ Ke8 44. Qxh7 a5 45. Qc2 Qd7 46. Qh7 Qd8 47. Qc2 f6 48. Qg6+ Kd7 49. Bf4 Qb6 50. Qe4 Qc6 51. Qb1 a4 52. Kg1 a3 53. Qb3 Ke8 54. Bd2 Qa6 55. Bc1 a2 56. Bb2 a1Q+ 0-1

[Event "Budapest"]
[Site "Budapest"]
[Date "1993.??.??"]
[Round "?"]
[White "Bartha, Sandor"]
[Black "Materski, Chrystian"]
[Result "0-1"]
[WhiteElo "2280"]
[BlackElo "2175"]
[PlyCount "66"]
[EventDate "1993.??.??"]
[EventType "tourn"]
[EventRounds "11"]
[EventCountry "HUN"]
[EventCategory "2"]
[SourceTitle "EXT 1997"]
[Source "ChessBase"]
[SourceDate "1996.11.15"]
[SourceVersion "1"]
[SourceVersionDate "1996.11.15"]
[SourceQuality "1"]

1. d4 Nf6 2. Nf3 c5 3. dxc5 e6 4. e3 Bxc5 5. a3 d5 6. Be2 Nc6 7. b4 Bd6 8. Bb2 a6 9. Nbd2 b5 10. 0-0 e5 11. a4 Rb8 12. axb5 axb5 13. Nb3 Qc7 14. h3 Bxb4 15. Ra2 0-0 16. Qa1 Re8 17. Rc1 h6 18. Bf1 Rb7 19. Ra6 Bd7 20. Rd1 Bd6 21. c3 Reb8 22. Nbd2 e4 23. Ne1 Ne5 24. c4 bxc4 25. Bc3 Nd3 26. Rxd6 Qxd6 27. Bxd3 exd3 28. Be5 Qc6 29. Bxb8 Rxb8 30. Ndf3 Ne4 31. Nd4 Qa4 32. f3 Qxa1 33. Rxa1 Nc3 0-1

[Event "Budapest"]
[Site "Budapest"]
[Date "1993.??.??"]
[Round "?"]
[White "Materski, Chrystian"]
[Black "Szalanczy, Emil"]
[Result "1/2-1/2"]
[WhiteElo "2175"]
[BlackElo "2365"]
[PlyCount "89"]
[EventDate "1993.??.??"]
[EventType "tourn"]
[EventRounds "11"]
[EventCountry "HUN"]
[EventCategory "2"]
[SourceTitle "EXT 1997"]
[Source "ChessBase"]
[SourceDate "1996.11.15"]
[SourceVersion "1"]
[SourceVersionDate "1996.11.15"]
[SourceQuality "1"]

1. d4 Nf6 2. c4 c5 3. d5 e6 4. Nc3 exd5 5. cxd5 d6 6. Nf3 g6 7. Bf4 a6 8. e4 Bg7 9. Qa4+ Bd7 10. Qb3 Qe7 11. Qxb7 Nxe4 12. Nxe4 Qxe4+ 13. Be3 Qb4+ 14. Qxb4 cxb4 15. 0-0-0 0-0 16. Bd3 Bg4 17. Kb1 Nd7 18. Rc1 a5 19. h3 Bxf3 20. gxf3 a4 21. Bb5 Ne5 22. f4 Nf3 23. Rc4 a3 24. b3 Bc3 25. Bc6 Rac8 26. Kc2 Rc7 27. Kd3 Re7 28. Rxc3 bxc3 29. b4 Rb8 30. b5 Nh4 31. Kxc3 Nf5 32. Bc1 Re2 33. Bxa3 Rxa2 34. Bb4 Rxf2 35. Rd1 Rxf4 36. Ba5 Ne3 37. Rd4 Rf3 38. Kd2 Nf5 39. Rb4 Rxh3 40. Bc7 Rf8 41. b6 h5 42. b7 h4 43. Bd7 Rh2+ 44. Kc3 Rh1 45. Bxf5 1/2-1/2

[Event "Budapest"]
[Site "Budapest"]
[Date "1993.??.??"]
[Round "?"]
[White "Payen, Arnaud"]
[Black "Materski, Chrystian"]
[Result "0-1"]
[WhiteElo "2340"]
[BlackElo "2175"]
[PlyCount "58"]
[EventDate "1993.??.??"]
[EventType "tourn"]
[EventRounds "11"]
[EventCountry "HUN"]
[EventCategory "2"]
[SourceTitle "EXT 1997"]
[Source "ChessBase"]
[SourceDate "1996.11.15"]
[SourceVersion "1"]
[SourceVersionDate "1996.11.15"]
[SourceQuality "1"]

1. e4 e6 2. d4 d5 3. Nc3 Bb4 4. a3 Bxc3+ 5. bxc3 dxe4 6. Qg4 Nf6 7. Qxg7 Rg8 8. Qh6 c5 9. Ne2 Rg6 10. Qd2 Nc6 11. dxc5 Qa5 12. c4 Qxc5 13. Nc3 e5 14. Nb5 Nd4 15. Bb2 e3 16. fxe3 Nxb5 17. cxb5 Ne4 18. Qd3 Bf5 19. Qb3 Rd8 20. Bc4 Rxg2 21. Bxf7+ Ke7 22. a4 Rdd2 23. Bh5 Be6 24. Qa3 Rxc2 25. Rc1 Kf6 26. Bd1 Nc3 27. Rf1+ Kg5 28. Rf5+ Bxf5 29. Bxc2 Qxe3+ 0-1